00684nam a2200193Ia 4500003000900000008004100009040001600050080002100066110003700087245009000124260004800214300001000262650001900272650001400291650002100305942000700326999001700333952014000350IN-BaIIA211028s9999 xx 000 0 eng d cIIA Library a059:52bIND-2015 aIndia. Meteorological Department 4aThe Indian astronomical ephemeris for the year 2015cIndia Meteorological Department  aDelhibThe Controller of Publicationsc2015 a474p. aAlmanac910635 aEphemeris aIndian ephemeris cBK c18994d18994 00104070aBANbBANcGENd2015-03-16ePAC g10562.00l0o059:52/ IND-2015p19916r2021-11-05v10562.00w2015-03-16yBKGRs. 10562.00